Score 0/20 Timer 02:00
2 Plays Today
Hint 4-Letter Word % Correct
Ladder 1JUNE
99.1%
Ladder 1LOSE
96.5%
Ladder 1ROSE
90.9%
Ladder 1RUDE
89%
Ladder 1LOST
87.3%
Ladder 1JUDE
86.9%
Ladder 2WEST
86.5%
Ladder 2SEAT
84.7%
Ladder 2WEED
82.7%
Ladder 1RUSE
82%
Hint 4-Letter Word % Correct
Ladder 2PEST
77%
Ladder 2PEAT
76.2%
Ladder 1LIST
73.7%
Ladder 2SLAT
72.4%
Ladder 2SLUG
72.1%
Ladder 2WENT
68.1%
Ladder 2SLAG
63.9%
Ladder 2WEND
63.8%
Ladder 1LILT
56.4%
Ladder 1LILY
56%

Today's Daily Dose

Remove Ads.
Support Sporcle.
Get the best of Sporcle when you Go Orange. This ad-free experience offers more features, more stats, and more fun while also helping to support Sporcle. Thank you for becoming a member.

You're not logged in!

Compare scores with friends on all Sporcle quizzes.
OR
Log In

Show Comments

Extras

Top Quizzes Today


Score Distribution

Your Account Isn't Verified!

In order to create a playlist on Sporcle, you need to verify the email address you used during registration. Go to your Sporcle Settings to finish the process.

Report this User

Report this user for behavior that violates our Community Guidelines.

Details: